| 000 | 00532nam a22001937a 4500 | ||
|---|---|---|---|
| 003 | OSt | ||
| 005 | 20160921185031.0 | ||
| 008 | 160921b xxu||||| |||| 00| 0 eng d | ||
| 020 | _a0750601760 | ||
| 040 | _cDNLM. | ||
| 082 | _aWB460P569 1992 | ||
| 100 |
_aEdited by Sally,French; _911086 |
||
| 245 |
_aPhysiotherapy: _bA phychosocial approach; |
||
| 260 |
_aOxford. _bButterWorth. _c1992. |
||
| 300 |
_ax,417p; _bill; _c22cm. |
||
| 504 | _aReferences and Index are included. | ||
| 650 |
_aPhysiotherapy. _91959 |
||
| 942 |
_2z _cO_SHELF |
||
| 999 |
_c5264 _d5264 |
||